[Event "WCh Women 2017"]
[Site "masterchessopen.com Tehran IRI"]
[Date "2017.02.20"]
[Round "4.1"]
[White "Muzychuk,A"]
[Black "Stefanova,A"]
[Result "1-0"]
[WhiteElo "2558"]
[BlackElo "2512"]

1.e4 e5 2.Nf3 Nc6 3.Bb5 a6 4.Ba4 Nf6 5.O-O Be7 6.Re1 b5 7.Bb3 d6 8.c3 O-O 9.h3
Nb8 10.d4 Nbd7 11.Nbd2 Bb7 12.Bc2 Re8 13.Nf1 Bf8 14.Bg5 h6 15.Bh4 Qc8 16.dxe5
dxe5 17.N3d2 Nh7 18.Ne3 Nc5 19.Nd5 a5 20.a4 bxa4 21.Bxa4 Nxa4 22.Qxa4 Re6
23.Nc4 Bc6 24.Qd1 a4 25.Bg3 f6 26.b4 axb3 27.Rxa8 Bxa8 28.Qxb3 Ng5 29.Ra1 Bxd5
30.exd5 Re8 31.Ra7 Bc5 32.Rb7 Nxh3+ 33.Kf1 Nf4 34.d6 Qe6 35.dxc7 Nd5 36.Qb5
Bf8 37.Nb6 Nxb6 38.Rxb6 Qg4 39.f3 {#r} 1-0

[Event "WCh Women 2017"]
[Site "masterchessopen.com Tehran IRI"]
[Date "2017.02.20"]
[Round "4.1"]
[White "Harika,D"]
[Black "Dzagnidze,N"]
[Result "1-0"]
[WhiteElo "2539"]
[BlackElo "2525"]

1.e4 e6 2.d4 d5 3.Nd2 a6 4.Ngf3 c5 5.Bd3 Nc6 6.exd5 exd5 7.dxc5 Bxc5 8.O-O Bg4
9.Nb3 Bd6 10.h3 Bh5 11.c3 Nge7 12.Re1 Qc7 13.Be3 Ne5 14.Be2 Nc4 15.Bg5 f6
16.Bc1 O-O 17.Nfd4 Bf7 18.Bg4 Kh8 19.Ne6 Bxe6 20.Bxe6 Rad8 21.Nd4 Nc6 22.b3
Nxd4 23.cxd4 Na5 24.Bb2 Nc6 25.Bg4 Qa5 26.a3 Bb8 27.Qd3 Rfe8 28.b4 Qc7 29.g3
Ba7 30.h4 g6 31.Rxe8+ Rxe8 32.Bf3 Qd6 33.Kg2 Kg7 34.Bc3 Rc8 35.Re1 Ne7 36.Bb2
Rc4 37.Qe2 Nf5 38.Bg4 Bxd4 39.Bxf5 gxf5 40.Qe8 Bxb2 41.Re7+ Qxe7 42.Qxe7+ Kg6
43.Qe8+ Kg7 44.Qd7+ Kg6 45.h5+ Kh6 46.Qxd5 Rc2 47.Qb3 {#r} 1-0

[Event "WCh Women 2017"]
[Site "masterchessopen.com Tehran IRI"]
[Date "2017.02.19"]
[Round "3.3"]
[White "Ju Wenjun"]
[Black "Girya,O"]
[Result "1-0"]
[WhiteElo "2583"]
[BlackElo "2458"]

1.d4 d5 2.c4 c6 3.Nf3 Nf6 4.Qc2 dxc4 5.Qxc4 Bf5 6.g3 e6 7.Bg2 Nbd7 8.O-O Be7
9.e3 O-O 10.Qe2 Qc7 11.Nc3 e5 12.dxe5 Nxe5 13.Nxe5 Qxe5 14.e4 Be6 15.h3 Rad8
16.Be3 Bc5 17.Rfd1 Bxe3 18.Qxe3 Qa5 19.b3 Nd7 20.Ne2 Rfe8 21.Nd4 Nf8 22.a3 c5
23.Nxe6 Nxe6 24.Rd5 Nd4 25.Qxd4 cxd4 26.Rxa5 d3 27.Rd1 d2 28.Bf3 Rd3 29.Kg2
{#r} 1-0

[Event "WCh Women 2017"]
[Site "masterchessopen.com Tehran IRI"]
[Date "2017.02.19"]
[Round "3.3"]
[White "Padmini,R"]
[Black "Tan Zhongyi"]
[Result "1-0"]
[WhiteElo "2387"]
[BlackElo "2502"]

1.e4 e5 2.Nf3 Nc6 3.Bc4 Bc5 4.O-O Nf6 5.d3 d6 6.c3 Bb6 7.a4 a6 8.Re1 h6 9.Be3
Bxe3 10.Rxe3 O-O 11.Nbd2 Be6 12.Re1 Qd7 13.b4 Ne7 14.d4 Ng6 15.d5 Bg4 16.h3
Bh5 17.Qc2 Nf4 18.Nh2 c6 19.dxc6 Qxc6 20.Bf1 Rac8 21.c4 Bg6 22.Ng4 Nxg4
23.hxg4 a5 24.bxa5 Ne6 25.Rab1 Ra8 26.Rb6 Qc7 27.Qb1 Nc5 28.Nb3 Nxa4 29.Rb4
Qc6 30.Qa1 Nc5 31.Nxc5 dxc5 32.Rb6 Qxb6 33.axb6 Rxa1 34.Rxa1 Rc8 35.f3 Rc6
36.Rb1 f6 37.Kf2 Be8 38.Ke3 Rd6 39.Bd3 Kf7 40.g3 Ke7 41.f4 Bd7 42.Be2 Rd4
43.Ra1 Rd6 44.Ra5 Rxb6 45.Rxc5 Rb3+ 46.Kf2 b6 47.Rc7 Kd6 48.Ra7 g5 49.fxe5+
fxe5 50.Ra8 Bc6 51.Rh8 Bxe4 52.Rxh6+ Ke7 53.Rh8 Bg6 54.Rg8 Kf6 55.Rf8+ Kg7
56.Rb8 e4 57.c5 e3+ 58.Kf3 Bf7 59.Rb7 b5 60.Ke4 Kf6 61.Rb6+ Ke7 62.Rb7+ Kf6
63.Rb6+ Ke7 64.Rxb5 Ra3 65.Rb7+ Kf6 66.Rb6+ Ke7 67.Bd3 Ra5 68.Kd4 Be6 69.Rb5
Ra3 70.Rb7+ Kd8 71.Rb6 Ke7 72.Kxe3 Bxg4 73.Kd4 Ra1 74.Rb7+ Kf6 75.Rb6+ Ke7
76.Rg6 Be6 77.Rxg5 Kf6 78.Rg6+ Kf7 79.Rh6 Rg1 80.Ke5 Re1+ 81.Be4 Bb3 82.Rh4
Re3 83.g4 Rc3 84.Bd5+ Kg6 85.Bxb3 Kg5 86.Kd4 Rxb3 87.Rh8 Kxg4 88.Rf8 Rb1 89.c6
Kg5 90.c7 {#r} 1-0

[Event "WCh Women 2017"]
[Site "masterchessopen.com Tehran IRI"]
[Date "2017.02.19"]
[Round "3.4"]
[White "Girya,O"]
[Black "Ju Wenjun"]
[Result "1-0"]
[WhiteElo "2458"]
[BlackElo "2583"]

1.d4 Nf6 2.c4 e6 3.Nf3 d5 4.Nc3 Bb4 5.Qa4+ Nc6 6.a3 Bxc3+ 7.bxc3 O-O 8.Bg5 h6
9.Bh4 g5 10.Bg3 Ne4 11.e3 Nxc3 12.Qc2 Ne4 13.Bd3 f5 14.O-O Rb8 15.Rab1 Bd7
16.Rfc1 Nxg3 17.hxg3 Qe7 18.cxd5 exd5 19.Qa2 Be6 20.Rc5 Nd8 21.Ne5 Kg7 22.g4
c6 23.Qc2 Qf6 24.gxf5 Bxf5 25.Bxf5 Qxf5 26.e4 Qe6 27.exd5 cxd5 28.Rc7+ Nf7
29.Nd7 b6 30.Nxb8 Rxb8 31.Rxa7 Rc8 32.Rc7 Rxc7 33.Qxc7 b5 34.Qb7 Qe4 35.Qxb5
h5 36.Qb4 h4 37.Re1 Qd3 38.Re3 Qd1+ 39.Qe1 Qg4 40.Rf3 Qd7 41.Qe3 g4 42.Rf4 Kg6
43.Qd3+ Kg5 44.Qe3 Kg6 45.f3 gxf3 46.Qxf3 Ng5 47.Qg4 Qe7 48.Qf5+ Kh5 49.Rg4
Qe3+ 50.Kh2 h3 51.Qxg5+ Qxg5 52.Rxg5+ Kxg5 53.a4 {#r} 1-0

[Event "WCh Women 2017"]
[Site "masterchessopen.com Tehran IRI"]
[Date "2017.02.19"]
[Round "3.4"]
[White "Tan Zhongyi"]
[Black "Padmini,R"]
[Result "1-0"]
[WhiteElo "2502"]
[BlackElo "2387"]

1.d4 d5 2.c4 e6 3.Nc3 Nf6 4.Bg5 Be7 5.e3 h6 6.Bh4 O-O 7.Nf3 b6 8.Be2 Bb7
9.Bxf6 Bxf6 10.cxd5 exd5 11.O-O Nd7 12.Qb3 c6 13.Rad1 Re8 14.Rfe1 Be7 15.e4
dxe4 16.Bc4 Rf8 17.Ne5 Nxe5 18.dxe5 Qc7 19.e6 fxe6 20.Rd7 Qf4 21.Rf1 Bc5
22.Rxb7 e3 23.Ne2 exf2+ 24.Kh1 Qe5 25.Qc3 Qxc3 26.Nxc3 Kh8 27.Ne4 Bd4 28.b3 b5
29.Be2 e5 30.g3 Rad8 31.Rd1 h5 32.Kg2 h4 33.Ng5 f1=Q+ 34.Rxf1 Rxf1 35.Bxf1 Rf8
36.Rf7 Rxf7 37.Nxf7+ Kg8 38.Nd8 hxg3 39.hxg3 {#r} 1-0

[Event "WCh Women 2017"]
[Site "masterchessopen.com Tehran IRI"]
[Date "2017.02.19"]
[Round "3.5"]
[White "Tan Zhongyi"]
[Black "Padmini,R"]
[Result "1-0"]
[WhiteElo "2502"]
[BlackElo "2387"]

1.d4 d5 2.c4 e6 3.Nc3 Nf6 4.Bg5 Be7 5.e3 O-O 6.Nf3 h6 7.Bh4 b6 8.Be2 Bb7
9.Bxf6 Bxf6 10.cxd5 exd5 11.b4 c6 12.O-O Qd6 13.Qb3 Nd7 14.Rfd1 Rfe8 15.Rac1
g6 16.Bf1 Be7 17.Rb1 Bf8 18.g3 a5 19.bxa5 Rxa5 20.a4 Kg7 21.Bh3 f5 22.Ne5 Rxe5
23.dxe5 Qxe5 24.Bf1 Ra8 25.Ne2 Bd6 26.Nd4 Bc7 27.Rbc1 Qf6 28.Bg2 Ra5 29.Qc2
Nc5 30.Nb3 Nxb3 31.Qxb3 Bd8 32.e4 fxe4 33.Bxe4 Ba6 34.Bd3 Bxd3 35.Rxd3 d4
36.Rf3 Rf5 37.Rxf5 gxf5 38.Re1 c5 39.Qd5 Be7 40.Re6 Qf7 41.Qe5+ Bf6 42.Qxf5 c4
43.Rd6 d3 44.Rd7 Be7 45.Qe5+ Kf8 46.Qh8+ Qg8 47.Qxh6+ Ke8 48.Qc6 Kf8 49.Qc8+
Kf7 50.Rxe7+ {#r} 1-0

[Event "WCh Women 2017"]
[Site "masterchessopen.com Tehran IRI"]
[Date "2017.02.19"]
[Round "3.5"]
[White "Harika,D"]
[Black "Guramishvili,S"]
[Result "1-0"]
[WhiteElo "2539"]
[BlackElo "2357"]

1.Nf3 d5 2.b3 Bg4 3.Ne5 Bh5 4.g4 Bg6 5.Nxg6 hxg6 6.Bg2 Qd6 7.h3 Nd7 8.Bb2 e5
9.d3 c6 10.Nd2 Be7 11.e3 f5 12.Qe2 O-O-O 13.O-O-O Nh6 14.Kb1 Kb8 15.e4 Rhe8
16.exd5 cxd5 17.c4 d4 18.Rhe1 Qc7 19.Qf3 Bd6 20.Bh1 Re7 21.Nf1 Rf8 22.Qg2 Ref7
23.Ng3 a5 24.Qd5 Ng8 25.Qb5 Ne7 26.h4 Nc8 27.h5 Nc5 28.hxg6 Re7 29.b4 axb4
30.Nxf5 Re6 31.Qxb4 Nxd3 32.Qb3 Nc5 33.Qc2 Rxg6 34.Ka1 Rxg4 35.Nxd6 Qxd6
36.Ba3 Rgf4 37.Rb1 b6 38.Rb5 d3 39.Qc3 Kc7 40.Bxc5 bxc5 41.Rb7+ Kd8 42.Qa5+
Ke8 43.Bd5 d2 44.Qxd2 Rxf2 45.Bc6+ Kd8 46.Rd7+ {#r} 1-0

[Event "WCh Women 2017"]
[Site "masterchessopen.com Tehran IRI"]
[Date "2017.02.19"]
[Round "3.6"]
[White "Ju Wenjun"]
[Black "Girya,O"]
[Result "1-0"]
[WhiteElo "2583"]
[BlackElo "2458"]

1.d4 d5 2.c4 c6 3.Nf3 Nf6 4.Qc2 dxc4 5.Qxc4 Bf5 6.g3 e6 7.Bg2 Nbd7 8.O-O Be7
9.e3 O-O 10.Qe2 Qc7 11.Nc3 e5 12.dxe5 Nxe5 13.Nxe5 Qxe5 14.e4 Be6 15.h3 Rad8
16.Be3 Qa5 17.f4 Bc5 18.Rfd1 Rfe8 19.Bxc5 Qxc5+ 20.Qf2 Qxf2+ 21.Kxf2 Nd7 22.b4
f6 23.Na4 Bf7 24.Bf3 Bg6 25.h4 b5 26.Nc3 Nb6 27.e5 fxe5 28.Bxc6 Rxd1 29.Rxd1
Rc8 30.Nd5 Kf8 31.Nxb6 axb6 32.Bxb5 Rc2+ 33.Kf3 exf4 34.a4 fxg3 35.Kxg3 Rb2
36.Rd4 Ke7 37.Bc6 Ra2 38.Rd7+ Kf6 39.Rb7 Ra3+ 40.Kf2 Ra2+ 41.Ke3 Ra3+ 42.Kf4
Rh3 43.Rxb6 Rxh4+ 44.Kg3 Rd4 45.a5 Rd3+ 46.Kf2 Ke5 47.a6 Ra3 48.b5 Ra2+ 49.Ke3
Ra3+ 50.Kd2 Be4 51.Bxe4 Kxe4 52.Rb7 Kd4 53.a7 Ra2+ 54.Ke1 h5 55.b6 h4 56.Rb8
h3 57.a8=Q {#r} 1-0

[Event "St Louis Winter GM 2017"]
[Site "masterchessopen.com Saint Louis USA"]
[Date "2017.02.19"]
[Round "6.2"]
[White "Finegold,B"]
[Black "Abrahamyan,T"]
[Result "1-0"]
[WhiteElo "2483"]
[BlackElo "2327"]

1.d4 Nf6 2.c4 e6 3.Nc3 Bb4 4.Qc2 O-O 5.e4 d5 6.e5 Ne4 7.a3 Bxc3+ 8.bxc3 c5
9.Bb2 cxd4 10.cxd4 Qa5+ 11.Ke2 f5 12.f3 Ng5 13.h4 Nf7 14.Kf2 Nc6 15.Nh3 Bd7
16.cxd5 exd5 17.Bc3 Qb6 18.Rb1 Nxd4 19.Rxb6 Nxc2 20.Rxb7 Rfc8 21.Rxd7 Rxc3
22.e6 Ne5 23.Rxd5 Nc6 24.a4 N2d4 25.Nf4 Re8 26.Rd6 Rc2+ 27.Kg3 Rd2 28.Bd3 {#r}
1-0

[Event "St Louis Winter GM 2017"]
[Site "masterchessopen.com Saint Louis USA"]
[Date "2017.02.19"]
[Round "6.3"]
[White "Checa,Nicolas D"]
[Black "Berczes,D"]
[Result "0-1"]
[WhiteElo "2400"]
[BlackElo "2479"]

1.d4 Nf6 2.c4 e6 3.Nf3 d5 4.Nc3 c6 5.Bg5 h6 6.Bxf6 Qxf6 7.a3 dxc4 8.Ne5 c5
9.Qa4+ Nc6 10.e3 cxd4 11.exd4 Be7 12.Nxc6 Bd7 13.Bxc4 bxc6 14.O-O O-O 15.Rad1
Rfd8 16.Qa5 Be8 17.Ne4 Qf5 18.Nc5 Bf6 19.Qc3 Rxd4 20.Rxd4 Qxc5 21.Rfd1 Qb6
22.Qd2 Bxd4 23.Qxd4 Rb8 24.b3 Qxd4 25.Rxd4 Kf8 26.Kf1 Ke7 27.Ke2 c5 28.Rd3 Bc6
29.g3 Rd8 30.h4 Bd5 31.Rc3 Kd6 32.Ke3 g5 33.hxg5 hxg5 34.Rc1 Rb8 35.Kd3 f5
36.Kc3 a5 37.Re1 g4 38.Rd1 Rh8 39.Kd3 Rf8 40.Ke3 Ke5 41.Rc1 Rb8 42.Kd3 Rh8
43.Bxd5 Kxd5 44.Rc4 Rh2 45.Rf4 Rh1 46.Kc3 Rf1 47.b4 axb4+ 48.axb4 cxb4+
49.Kxb4 Re1 50.Kc3 Re4 51.Kd3 Rxf4 52.gxf4 Kc5 53.Kc3 e5 54.fxe5 Kd5 55.e6
Kxe6 56.Kd4 Kf6 57.Kd3 Kg5 58.Ke3 f4+ 59.Ke4 f3 {#R} 0-1

[Event "St Louis Winter GM 2017"]
[Site "masterchessopen.com Saint Louis USA"]
[Date "2017.02.19"]
[Round "6.5"]
[White "Ali Marandi,C"]
[Black "Burke,John M"]
[Result "1-0"]
[WhiteElo "2495"]
[BlackElo "2495"]

1.d4 Nf6 2.c4 g6 3.Nc3 d5 4.cxd5 Nxd5 5.e4 Nxc3 6.bxc3 Bg7 7.Be3 c5 8.Qd2 O-O
9.Nf3 Qa5 10.Rc1 Nd7 11.Bh6 Bxh6 12.Qxh6 cxd4 13.Ng5 Nf6 14.Bc4 dxc3 15.O-O
Be6 16.Bxe6 fxe6 17.f4 Rfd8 18.e5 Rd7 19.Kh1 Qb6 20.Rxc3 Rad8 21.Rcc1 Qa6
22.exf6 exf6 23.Ne4 Rf7 24.Rfd1 Rdf8 25.h3 Qa4 26.Nc5 Qc6 27.Re1 e5 28.Ne4 Qa6
29.fxe5 fxe5 30.Ng5 Re7 31.Kh2 Qxa2 32.Rf1 Rd8 33.Rf6 Qd2 34.Rcf1 Rg7 35.Ne6
{#r} 1-0

[Event "St Louis Winter GM 2017"]
[Site "masterchessopen.com Saint Louis USA"]
[Date "2017.02.19"]
[Round "7.1"]
[White "Berczes,D"]
[Black "Kumar,Nikhil"]
[Result "1-0"]
[WhiteElo "2479"]
[BlackElo "2479"]
[EventType "tourn"]

1.Nf3 Nf6 2.g3 d5 3.Bg2 e6 4.O-O Be7 5.c4 O-O 6.b3 b6 7.Bb2 Bb7 8.e3 c5 9.Nc3
Nc6 10.cxd5 exd5 11.d4 Ba6 12.Ne5 Qc7 13.Nxd5 Nxd5 14.Bxd5 Nxe5 15.dxe5 Rad8
16.Re1 c4 17.Rc1 Bb4 18.bxc4 Bxe1 19.Qxe1 Rfe8 20.e4 Rc8 21.Qe3 Qe7 22.f4 Qb4
23.Ba3 Qa4 24.Qb3 Qd7 25.Qb4 Rc7 26.f5 Kh8 27.Bb2 Bb7 28.e6 fxe6 29.fxe6 Qd8
30.Rf1 h6 31.Qd2 Rxe6 32.Bxe6 Qxd2 33.Rf8+ Kh7 34.Bf5+ g6 35.Rh8# 1-0

[Event "St Louis Winter GM 2017"]
[Site "masterchessopen.com Saint Louis USA"]
[Date "2017.02.19"]
[Round "7.2"]
[White "Abrahamyan,T"]
[Black "Checa,Nicolas D"]
[Result "1-0"]
[WhiteElo "2327"]
[BlackElo "2400"]
[EventType "tourn"]

1.e4 e6 2.d4 d5 3.Nd2 c5 4.Ngf3 cxd4 5.Nxd4 Nf6 6.exd5 Qxd5 7.Nb5 Na6 8.Nc3
Qd6 9.a3 Bd7 10.Qe2 Qc7 11.Nc4 Be7 12.Qe5 O-O 13.Bf4 Ne8 14.O-O-O Rd8 15.Qe3
Qc8 16.Qxa7 Bc5 17.Nb6 Qc6 18.Bxa6 bxa6 19.Be3 Nf6 20.Bxc5 Qxc5 21.Qxa6 Bc6
22.Rxd8 Rxd8 23.Rd1 Rb8 24.Nba4 Qg5+ 25.Kb1 Qxg2 26.Nc5 h5 27.h4 Bf3 28.Qd6
Ra8 29.Rd4 Qxf2 30.a4 Nd5 31.Nxd5 Qf1+ 32.Ka2 Bxd5+ 33.Nb3 Rc8 34.c3 Ra8
35.Qb4 Qa6 36.Ka3 Rc8 37.a5 Kh7 38.Qb6 Qa8 39.Rb4 Rc6 40.Qb8 Qa6 41.Qb5 Qc8
42.Qb8 Qd7 43.Rb7 Qd6+ 44.Qxd6 Rxd6 45.Rxf7 Ra6 46.Kb4 Bxb3 47.Kxb3 Rxa5 48.c4
Kg6 49.Rf1 Re5 50.Kb4 Re4 51.Kb5 Rxh4 52.c5 Rh2 53.b4 h4 54.Rc1 Rf2 55.c6 Rf8
56.c7 Rc8 57.Kc6 {#r} 1-0

[Event "St Louis Winter GM 2017"]
[Site "masterchessopen.com Saint Louis USA"]
[Date "2017.02.19"]
[Round "7.4"]
[White "Liang,Awonder"]
[Black "Ali Marandi,C"]
[Result "0-1"]
[WhiteElo "2493"]
[BlackElo "2495"]
[EventType "tourn"]

1.Nf3 f5 2.d4 Nf6 3.g3 g6 4.Bg2 Bg7 5.O-O O-O 6.c4 d6 7.Nc3 Qe8 8.Re1 Qf7 9.d5
Ne4 10.Qc2 Nxc3 11.bxc3 Qf6 12.Bd2 Nd7 13.Nd4 Nc5 14.Nb5 Bd7 15.Be3 Bxb5
16.Bxc5 Qxc3 17.Qb3 Bxc4 18.Qxb7 dxc5 19.Rac1 Qa5 20.e4 fxe4 21.Rxe4 Ba6
22.Qb3 Rab8 23.Qe3 Bd4 {#R} 0-1

[Event "St Louis Winter GM 2017"]
[Site "masterchessopen.com Saint Louis USA"]
[Date "2017.02.19"]
[Round "7.5"]
[White "Gorovets,A"]
[Black "Arribas Lopez,A"]
[Result "0-1"]
[WhiteElo "2533"]
[BlackElo "2511"]
[EventType "tourn"]

1.d4 d6 2.e4 Nf6 3.f3 g6 4.Be3 c6 5.Qd2 b5 6.a4 bxa4 7.Nc3 Nbd7 8.Nxa4 Bg7
9.Nh3 Nb6 10.Nf2 Nxa4 11.Rxa4 h5 12.Be2 d5 13.O-O dxe4 14.fxe4 O-O 15.Rfa1 Qb6
16.c4 Ng4 17.Nxg4 Bxg4 18.c5 Qb7 19.Bc4 Rfd8 20.h3 Be6 21.Bxe6 fxe6 22.e5 Kh7
23.b4 Bxe5 24.Qa2 Rxd4 25.Rf1 Rd5 26.b5 Qxb5 27.Rxa7 Rxa7 28.Qxa7 Bh2+ 29.Kxh2
Qxf1 30.Qxe7+ Kg8 31.Qxe6+ Qf7 32.Qxc6 Re5 33.Bg1 Kh7 34.Qd6 Re4 35.Kh1 Re1
36.Qd4 Re2 37.Qd1 Qe7 38.Qf1 Re1 39.Qf2 Rd1 40.Qf3 Rc1 41.Qf2 Re1 42.Qd4 Re6
43.Bf2 g5 44.Qd3+ Kh6 45.Kg1 Qf6 46.h4 Qa1+ 47.Kh2 Qe5+ 48.Bg3 Qxc5 49.Qd8 Kh7
50.hxg5 Qe7 51.Qd5 Kg6 52.Qd3+ Re4 53.Bf4 Qe6 54.Qb1 Kf5 55.Bg3 Kxg5 56.Qb5+
Kg4 57.Qd3 h4 58.Bc7 Kh5 59.Qf3+ Kg6 60.Bb8 Re3 61.Qf2 h3 62.Bf4 Re4 63.Qg3+
Kf7 64.Qf3 Qg6 65.Bg3+ Kg8 66.gxh3 Qe6 67.Kg2 Qa2+ 68.Bf2 Re7 69.h4 Rf7 70.Qe3
Qd5+ 71.Kh2 Kh7 72.Bg3 Rb7 73.Qe5 Qf3 74.Qd4 Re7 75.Kh3 Qf1+ {#R} 0-1

[Event "St Louis Winter IM 2017"]
[Site "masterchessopen.com Saint Louis USA"]
[Date "2017.02.19"]
[Round "6.1"]
[White "Banawa,Joe"]
[Black "Neimer,V"]
[Result "1-0"]
[WhiteElo "2370"]
[BlackElo "2356"]

1.d4 d5 2.Bf4 Nf6 3.e3 c5 4.c3 Nc6 5.Nd2 e6 6.Ngf3 Bd6 7.Bg3 O-O 8.Bd3 b6 9.e4
Be7 10.e5 Ne8 11.h4 g6 12.Qe2 Ng7 13.Bf4 cxd4 14.Nxd4 Nxd4 15.cxd4 f5 16.Nf3
Nh5 17.Bd2 a5 18.g3 Bd7 19.O-O f4 20.Kg2 Rf7 21.g4 Ng7 22.Kh3 Kh8 23.Rac1 Ne8
24.Rg1 Rc8 25.Rxc8 Qxc8 26.Rc1 Qb7 27.Qd1 a4 28.Qe1 Nc7 29.Bb4 Bd8 30.Qe2 Be8
31.Bd6 Rg7 32.Qd2 Rf7 33.Qc2 b5 34.Qc5 Kg8 35.Kg2 Rg7 36.g5 Rf7 37.Nh2 f3+
38.Kg3 Kg7 39.Ng4 Na6 40.Qc8 {#r} 1-0

[Event "St Louis Winter IM 2017"]
[Site "masterchessopen.com Saint Louis USA"]
[Date "2017.02.19"]
[Round "6.3"]
[White "Williams,Justus D"]
[Black "Hua,L"]
[Result "1-0"]
[WhiteElo "2333"]
[BlackElo "2333"]

1.Nf3 Nf6 2.c4 g6 3.g3 Bg7 4.Bg2 O-O 5.O-O c5 6.d4 d6 7.Nc3 Nc6 8.d5 Na5 9.Qd3
a6 10.a4 e6 11.Bg5 h6 12.Bxf6 Qxf6 13.Rab1 e5 14.Nd2 Qd8 15.e4 b6 16.Kh1 Ra7
17.b4 Nb7 18.Qe3 Bd7 19.f4 cxb4 20.Rxb4 a5 21.Rbb1 Nc5 22.f5 Bxa4 23.h4 Kh7
24.Rf2 Bd7 25.Bf1 Bf6 26.Be2 a4 27.Ra1 Kg7 28.Ra3 Qc8 29.Bd1 Ra5 30.Be2 Qd8
31.Rf1 Qc7 32.Qf2 Na6 33.Nb5 Bxb5 34.cxb5 Nc5 35.fxg6 fxg6 36.Rf3 Qe7 37.Nc4
Raa8 38.Nxb6 Rab8 39.Nc4 Nxe4 40.Qe3 Nc5 41.Na5 Qd7 42.Nc6 Rbe8 43.Kg2 e4
44.Rf4 Bb2 45.Bg4 Qb7 46.Rxf8 Rxf8 47.Rxf8 Kxf8 48.Qf2+ Qf7 49.Qxb2 Qxd5
50.Qf6+ Kg8 51.Ne7+ {#r} 1-0

[Event "St Louis Winter IM 2017"]
[Site "masterchessopen.com Saint Louis USA"]
[Date "2017.02.19"]
[Round "6.5"]
[White "Grabinsky,Aaron"]
[Black "Eckert,D"]
[Result "1-0"]
[WhiteElo "2372"]
[BlackElo "2135"]

1.d4 Nf6 2.Nf3 e6 3.Bf4 c5 4.e3 Nc6 5.Nbd2 d5 6.c3 Be7 7.Bd3 O-O 8.Ne5 Nd7
9.Ndf3 Ndxe5 10.dxe5 f5 11.h4 c4 12.Bc2 b5 13.Nd4 Nxd4 14.exd4 b4 15.g4 bxc3
16.bxc3 Rb8 17.Rb1 Rxb1 18.Bxb1 Qa5 19.Bd2 Bd7 20.gxf5 exf5 21.Qf3 Be6 22.h5
Qd8 23.Rg1 Kh8 24.Qg2 Rg8 25.Qh3 Rf8 26.Ke2 Qd7 27.Qg2 Rg8 28.Bc2 g5 29.hxg6
Rxg6 30.Qh2 Rxg1 31.Qxg1 Qe8 32.Qh1 Qg6 33.Kf1 Kg7 34.Bd1 Kh8 35.Bf3 Bg5
36.Bxg5 Qxg5 37.Ke2 Qg8 38.Qh4 Qf8 39.Ke3 h6 40.Kf4 Kh7 41.Bh5 Qg7 42.Qf6 Qg1
43.Qh4 Qc1+ 44.Kf3 Qg5 45.Qh3 Kg7 46.Ke2 Kf8 47.Qh1 f4 48.Bf3 Bg4 49.Ke1 Bxf3
50.Qxf3 Qg1+ 51.Ke2 Qb1 52.Qxf4+ Ke8 53.Qd2 Qe4+ 54.Qe3 Qc2+ 55.Kf3 h5 56.Kf4
Qxa2 57.Kf5 Qc2+ 58.Ke6 Qe4 59.Qh6 Qg4+ 60.Kxd5 Qd7+ 61.Ke4 Qg4+ 62.f4 h4
63.d5 h3 64.Qh8+ {#r} 1-0

[Event "St Louis Winter IM 2017"]
[Site "masterchessopen.com Saint Louis USA"]
[Date "2017.02.19"]
[Round "7.2"]
[White "Young,An"]
[Black "Williams,Justus D"]
[Result "0-1"]
[WhiteElo "2295"]
[BlackElo "2333"]
[EventType "tourn"]

1.d4 Nf6 2.Nf3 g6 3.g3 Bg7 4.Bg2 O-O 5.O-O d6 6.c4 c5 7.dxc5 dxc5 8.Nc3 Nc6
9.Bf4 Be6 10.Ne5 Nh5 11.Nxc6 bxc6 12.Qxd8 Rfxd8 13.Bg5 Rab8 14.Bxe7 Rd2
15.Bxc5 Rbxb2 16.Rac1 Rdc2 17.Ba3 Rxc1 18.Rxc1 Bxc3 19.Bxb2 Bxb2 20.Rc2 Ba3
21.Bxc6 Kf8 22.Rc3 Bc5 23.Bd5 Ke7 24.Bxe6 Kxe6 25.e3 Nf6 26.f3 Nd7 27.Kf2 Ne5
28.Ke2 f5 29.h3 h5 30.Rc1 g5 31.Rc2 Bd6 32.f4 Nf7 33.Rd2 g4 34.hxg4 hxg4
35.Rd5 Bc7 36.Rc5 Bb6 37.Rb5 Bc7 38.Kd3 Nd6 39.Rc5 Bd8 40.Re5+ Kf6 41.c5 Ne4
42.c6 Nxg3 43.Rd5 Bb6 44.Rd7 Ke6 45.Rg7 Kd6 46.Rg6+ Kc5 47.Rf6 Bc7 48.a4 a5
49.Kc2 Bd6 50.Kd3 Kxc6 51.Kd4 Kc7 52.Kd5 Bb4 53.Rf7+ Kd8 54.Ke6 Bc5 55.Rd7+
Kc8 56.Rd3 Kc7 57.e4 Nxe4 58.Kxf5 g3 59.Kxe4 g2 {#R} 0-1

[Event "St Louis Winter IM 2017"]
[Site "masterchessopen.com Saint Louis USA"]
[Date "2017.02.19"]
[Round "7.3"]
[White "Neimer,V"]
[Black "Colas,Joshua"]
[Result "1-0"]
[WhiteElo "2356"]
[BlackElo "2317"]
[EventType "tourn"]

1.f4 d5 2.Nf3 g6 3.g3 Bg7 4.Bg2 c5 5.O-O Nc6 6.d3 Nf6 7.Nc3 d4 8.Na4 Qa5 9.c4
Nd7 10.Bd2 Qc7 11.a3 a5 12.Ng5 O-O 13.f5 h6 14.Ne4 Nce5 15.b4 axb4 16.axb4
cxb4 17.Bxb4 gxf5 18.Rxf5 Ng6 19.Rb5 Nde5 20.Nb6 Rxa1 21.Qxa1 Bg4 22.Nd5 Qd7
23.Bxe7 {#r} 1-0

[Event "St Louis Winter IM 2017"]
[Site "masterchessopen.com Saint Louis USA"]
[Date "2017.02.19"]
[Round "7.4"]
[White "Eckert,D"]
[Black "Banawa,Joe"]
[Result "0-1"]
[WhiteElo "2135"]
[BlackElo "2370"]
[EventType "tourn"]

1.c4 Nf6 2.g3 e6 3.Bg2 d5 4.Nf3 Be7 5.O-O O-O 6.b3 c5 7.Bb2 Nc6 8.e3 b6 9.Nc3
Ba6 10.Qe2 Qd7 11.Rfd1 Rad8 12.d4 cxd4 13.exd4 Qc8 14.Nb5 Bb7 15.Rac1 a6
16.Nc3 dxc4 17.bxc4 Rfe8 18.d5 exd5 19.cxd5 Bc5 20.dxc6 Rxe2 21.cxb7 Rxd1+
22.Rxd1 Qxb7 23.Nxe2 Qe7 24.Nf4 Bxf2+ 25.Kh1 h6 26.Bxf6 Qxf6 27.Nd3 Bc5
28.Nfe5 Qe6 29.Nxc5 Qxe5 30.Ne4 b5 31.h3 a5 32.Kh2 a4 33.Rd8+ Kh7 34.Rd7 f5
35.Rd5 Qb2 36.Rxf5 b4 37.Rf2 Qd4 38.Rd2 Qe3 39.Rb2 b3 40.axb3 a3 41.Rb1 Qd4
42.Rc1 Qb2 43.Rc7 a2 44.Ra7 a1=Q 45.Rxa1 Qxa1 46.Nd2 Qb2 47.Nf3 Qxb3 48.Nh4
Qc2 49.Nf3 Qf2 50.h4 Kg6 51.g4 Kf7 52.g5 h5 53.Kh3 Ke6 54.Nh2 Kf5 55.Nf1 Kf4
{#R} 0-1

[Event "St Louis Winter IM 2017"]
[Site "masterchessopen.com Saint Louis USA"]
[Date "2017.02.19"]
[Round "7.5"]
[White "Brooks,M"]
[Black "Grabinsky,Aaron"]
[Result "1-0"]
[WhiteElo "2384"]
[BlackElo "2372"]
[EventType "tourn"]

1.e4 e6 2.d3 d5 3.Nd2 Nf6 4.g3 b5 5.Bg2 Bb7 6.Qe2 c5 7.Ngf3 Nc6 8.O-O Be7
9.Re1 Qb6 10.e5 Nd7 11.Nf1 c4 12.Be3 Bc5 13.Bxc5 Qxc5 14.Rad1 cxd3 15.cxd3 Nd4
16.Nxd4 Qxd4 17.h3 O-O 18.Nh2 b4 19.Nf3 Qb6 20.d4 Nb8 21.Qe3 Nc6 22.h4 Na5
23.b3 Rac8 24.Rc1 Nc6 25.Bf1 Ba6 26.Bxa6 Qxa6 27.Rc5 Qxa2 28.Rec1 Qa6 29.Qd2
Qb7 30.Qa2 Ne7 31.Qa4 Rxc5 32.Rxc5 Rb8 33.Qa5 Nc6 34.Qa4 Rc8 35.Rb5 Qa8 36.Qa6
Rc7 37.Rc5 Qc8 38.Qb5 h6 39.Kg2 Kf8 40.Ne1 Kg8 41.Nf3 Qd7 42.Qa4 g6 43.Qa1 Nb8
44.Qc1 Rxc5 45.Qxc5 Qb7 46.Nh2 Na6 47.Qc1 h5 48.Nf3 Nb8 49.Qc5 Na6 50.Qd6 Kg7
51.Ng5 Nb8 52.Qc5 Nc6 53.f3 a5 54.g4 a4 55.gxh5 gxh5 56.Qc2 Nxd4 57.Qh7+ Kf8
58.Qh8+ Ke7 59.Qxh5 Ke8 60.Qh8+ Kd7 61.Qf8 Qb6 62.Qxf7+ Kc8 63.Qe8+ Kb7
64.Qxa4 Nc6 65.Nxe6 d4 66.Nf4 Qc5 67.e6 Kc7 68.Qa2 Qd6 69.Qd2 Kd8 70.Kg3 Ne7
71.Kg4 Nc6 72.Qe2 Ne5+ 73.Kf5 d3 74.Qe4 Qf8+ 75.Kxe5 Qg7+ 76.Kf5 Qh7+ 77.Ng6
{#r} 1-0

[Event "ch-Nordic Youth 2017"]
[Site "masterchessopen.com Drammen NOR"]
[Date "2017.02.19"]
[Round "5.2"]
[White "Ragnarsson,Dagur"]
[Black "Jacobsen,Mikkel Manosri"]
[Result "1-0"]
[WhiteElo "2276"]
[BlackElo "2300"]

1.d4 d5 2.c4 c6 3.Nf3 Nf6 4.Nc3 e6 5.Bg5 h6 6.Bxf6 Qxf6 7.e3 Nd7 8.Bd3 g6
9.O-O Bg7 10.Rc1 dxc4 11.Bxc4 O-O 12.Re1 Rd8 13.e4 e5 14.d5 Nb6 15.Bb3 Be6
16.Re3 cxd5 17.exd5 Qf5 18.Ne1 e4 19.dxe6 Rxd1 20.exf7+ Kh7 21.Rxd1 Rc8
22.Nxe4 Nc4 23.Re2 Qb5 24.Rc2 Qe5 25.Bxc4 Qxe4 26.Bd3 Qg4 27.Rxc8 Qxc8 28.h4
h5 29.Nf3 Bxb2 30.Ng5+ Kg7 31.Re1 Ba3 32.Re6 Qc1+ 33.Kh2 Qf4+ 34.g3 Qxf2+
35.Kh3 Kf8 36.Re8+ Kg7 37.Rg8+ {#r} 1-0